Score 0/35 Timer 07:00
0 Plays Today
% Correct
Pirates of the Caribbean: The Curse of the Black Pearl
98.5%
The Hobbit: An Unexpected Journey
90.9%
Beauty and the Beast
90.8%
Star Trek
89.8%
Dark Knight Rises
84.6%
To Kill a Mockingbird
82%
Avengers
69.5%
Ratatouille
64.5%
Rain Man
58.9%
Gone With the Wind
54.4%
There Will Be Blood
46.4%
Grapes of Wrath
45.9%
Nosferatu
42.2%
Django Unchained
39.7%
Black Swan
36.7%
Stand by Me
35.4%
The Hustler
35%
V for Vendetta
33.3%
% Correct
Dog Day Afternoon
30.9%
Pan's Labyrinth
30.1%
District 9
28.8%
Good Will Hunting
28.6%
Sin City
27%
Argo
27%
Chernobyl Diaries
24.5%
Pretty in Pink
21.6%
Taken 2
21.4%
Shutter Island
19.9%
Heat
19.8%
Ted
15.1%
Safe House
14.3%
The Thing
14.1%
Elephant Man
11.4%
Trouble with the Curve
9%
Zero Dark Thirty
7.9%
Remove Ads.
Support Sporcle.
Get the best of Sporcle when you Go Orange. This ad-free experience offers more features, more stats, and more fun while also helping to support Sporcle. Thank you for becoming a member.

You're not logged in!

Compare scores with friends on all Sporcle quizzes.
OR
Log In

Show Comments

Extras

Top Quizzes Today


Score Distribution

Your Account Isn't Verified!

In order to create a playlist on Sporcle, you need to verify the email address you used during registration. Go to your Sporcle Settings to finish the process.

Report this User

Report this user for behavior that violates our Community Guidelines.

Details: